Nghiên cứu thành phần hóa học của cây Huyết giác (Dracaena cambodiana Pierre ex Gagnep.), họ Bồng Bồng (Asparagaceae) : Luận văn tốt nghiệp Cao học. Chuyên ngành Kỹ thuật hóa học

Nghiên cứu thành phần hóa học của cây Huyết giác bằng các phương pháp sắc ký để làm phong phú dữ liệu hóa thực vật và tìm thêm những chất có cấu trúc mới trên loài cây này.

Đã lưu trong:
書目詳細資料
主要作者: Nguyễn, Trương Thúy An
格式: 圖書
語言:Undetermined
出版: Cần Thơ Trường Đại học Cần Thơ 2019
主題:
標簽: 添加標簽
沒有標簽, 成為第一個標記此記錄!
Thư viện lưu trữ: Trung tâm Học liệu Trường Đại học Cần Thơ
LEADER 01177nam a2200217Ia 4500
001 CTU_232078
008 210402s9999 xx 000 0 und d
082 |a 615.321 
082 |b A105 
088 |a 8520301 
100 |a Nguyễn, Trương Thúy An 
245 0 |a Nghiên cứu thành phần hóa học của cây Huyết giác (Dracaena cambodiana Pierre ex Gagnep.), họ Bồng Bồng (Asparagaceae) : 
245 0 |b Luận văn tốt nghiệp Cao học. Chuyên ngành Kỹ thuật hóa học 
245 0 |c Nguyễn Trương Thúy An ; Tôn Nữ Liên Hương (Cán bộ hướng dẫn) 
260 |a Cần Thơ 
260 |b Trường Đại học Cần Thơ 
260 |c 2019 
520 |a Nghiên cứu thành phần hóa học của cây Huyết giác bằng các phương pháp sắc ký để làm phong phú dữ liệu hóa thực vật và tìm thêm những chất có cấu trúc mới trên loài cây này. 
650 |a Medicinal plants,Cây dược liệu 
910 |b nthai 
980 |a Trung tâm Học liệu Trường Đại học Cần Thơ